Z jakiego serialu z Netflixa to aktor? - Statystyki

Ogólne statystyki
  • Ten quiz został rozwiązany 970 razy
  • Średni wynik to 7 z 20
Statystyki odpowiedzi
Obrazkowy Odpowiedź % Poprawnych
Lucyfer
87%
Dom z papieru
81%
Stranger Things
76%
Sex Education
74%
The Umbrella Academy
59%
Trzynaście powodów
50%
The 100
41%
The end of the f***ing world
41%
Wiedźmin
40%
Szkoła dla Elity
39%
Riverdale
34%
The Walking Dead
29%
Chilling Adventures of Sabrina
22%
The Rain
22%
Orange Is the New Black
12%
Mindhunter
5%
The Society
5%
Ozark
4%
The OA
2%
GLOW
0%
Nie znaleziono quizów pasujących do podanych kryteriów
Rozkład punktacji
Procent ludzi z każdym wynikiem
Percentyl według liczby udzielonych odpowiedzi
Twoja historia wyników
Nie rozwiązałeś tego quizu